000 00553cam a22002171 4500
001 ne 63000426
003 DLC
005 20260227111742.0
008 890402s1962 xx 000 0 ara
010 _ane 63000426
035 _a(OCoLC)23520656
040 _aDLC
_cMiU
_dDLC
042 _apremarc
050 0 0 _aDS238.U5
_bM5
100 1 _aMiṣbāḥ, Aḥmad Mujāhid.
245 1 0 _aʻUmar ibn al-Khaṭṭāb.
260 _c[1962]
300 _a62 p.
_c24 cm.
500 _aRomanized.
600 0 0 _aʻUmar ibn al-Khaṭṭāb,
_cCaliph,
_d-644.
999 _c45632
_d45632